Key concepts in post-colonial studies / (Record no. 61026)
[ view plain ]
| 000 -LEADER | |
|---|---|
| fixed length control field | 00926nam a2200301 a 4500 |
| 001 - CONTROL NUMBER | |
| control field | 61026 |
| 003 - CONTROL NUMBER IDENTIFIER | |
| rucl marc code | BD_RJUL |
| 005 - DATE AND TIME OF LATEST TRANSACTION | |
| control field | 20211209080919.0 |
| 008 - FIXED-LENGTH DATA ELEMENTS--GENERAL INFORMATION | |
| fixed length control field | 020112s2000 enk 001 0 eng d |
| 020 ## - INTERNATIONAL STANDARD BOOK NUMBER | |
| International Standard Book Number | 0415243602 |
| 035 ## - SYSTEM CONTROL NUMBER | |
| System control number | (BD_RJUL)61150 |
| 040 ## - CATALOGING SOURCE | |
| Original cataloging agency | DLC |
| Transcribing agency | DLC |
| Language of cataloging | eng |
| Modifying agency | BD_RJUL |
| 041 ## - LANGUAGE CODE | |
| Language code of text/sound track or separate title | eng |
| 082 0# - DEWEY DECIMAL CLASSIFICATION NUMBER | |
| Classification number | 325.303 |
| Edition number | 23 |
| Author mark and year | ASK 2004 |
| 100 ## - MAIN ENTRY--PERSONAL NAME | |
| Personal name | Ashcroft, Bill, |
| 9 (RLIN) | 182097 |
| 245 10 - TITLE STATEMENT | |
| Title | Key concepts in post-colonial studies / |
| Statement of responsibility, etc. | Bill Ashcroft, Gareth Griffiths and Helen Tiffin. |
| 260 ## - PUBLICATION, DISTRIBUTION, ETC. (IMPRINT) | |
| Place of publication, distribution, etc. | New York : |
| Name of publisher, distributor, etc. | Routledge, |
| Date of publication, distribution, etc. | 2004 |
| 300 ## - PHYSICAL DESCRIPTION | |
| Pagination | xi, 275 p. ; |
| Size | 22 cm. |
| 490 ## - SERIES STATEMENT | |
| Series statement | Routledge key guides. |
| 500 ## - GENERAL NOTE | |
| General note | Includes index. |
| 650 #0 - SUBJECT ADDED ENTRY--TOPICAL TERM | |
| Topical term or geographic name as entry element | Postcolonialism |
| Form subdivision | Encyclopedias. |
| 9 (RLIN) | 182098 |
| Topical term or geographic name as entry element | Colonies -- Dictionaries |
| 9 (RLIN) | 182167 |
| 700 1# - ADDED ENTRY--PERSONAL NAME | |
| Personal name | Griffiths, Gareth, |
| Dates associated with a name | 1943- |
| Personal name | Tiffin, Helen. |
| 830 #0 - SERIES ADDED ENTRY--UNIFORM TITLE | |
| Uniform title | Routledge key guides. |
| 942 ## - ADDED ENTRY ELEMENTS (KOHA) | |
| Source of classification or shelving scheme | Dewey Decimal Classification |
| Koha item type | Books |
| Lost status | Source of classification or shelving scheme | Damaged status | Not for loan | Collection code | Permanent Location | Current Location | Shelving location | Date acquired | Source of acquisition | Cost, normal purchase price | Total Checkouts | Full call number | Date last seen | Copy number | Koha item type |
|---|---|---|---|---|---|---|---|---|---|---|---|---|---|---|---|
| Dewey Decimal Classification | Not For Loan | Non-fiction | Central Library, University of Rajshahi | Central Library, University of Rajshahi | Reading Room | 22/01/1909 | Dhaka paragon enterprises ltd. | 295.00 | R 325.303 ASK 2004 | 14/01/2017 | C-1 | Books |